Miejscowości Powiatu Kłodzkiego - Statystyki

Ogólne statystyki
  • Ten quiz został rozwiązany 84 razy
  • Średni wynik to 31 z 179
Statystyki odpowiedzi
Hint Odpowiedź % Poprawnych
Miasto Kłodzko
97%
Gmina Bystrzyca Kłodzka Bystrzyca Kłodzka
85%
Miasto Nowa Ruda
82%
Gmina Radków Radków
81%
Miasto Kudowa-Zdrój
77%
Miasto Duszniki-Zdrój
74%
Gmina Szczytna Szczytna
74%
Gmina Międzylesie Międzylesie
73%
Miasto Polanica - Zdrój
73%
Gmina Lądek-Zdrój Lądek-Zdrój
71%
Gmina Stronie Śląskie Stronie Śląskie
69%
Gmina Lewin Kłodzki Lewin Kłodzki
61%
Gmina Radków Ścinawka Średnia
53%
Gmina Radków Ścinawka Dolna
48%
Gmina Radków Ścinawka Górna
47%
Gmina Radków Wambierzyce
42%
Gmina Bystrzyca Kłodzka Międzygórze
40%
Gmina Kłodzko Krosnowice
37%
Gmina Radków Karłów
35%
Gmina Kłodzko Żelazno
35%
Gmina Bystrzyca Kłodzka Długopole-Zdrój
32%
Gmina Bystrzyca Kłodzka Gorzanów
31%
Gmina Kłodzko Szalejów Dolny
31%
Gmina Kłodzko Szalejów Górny
31%
Gmina Kłodzko Jaszkowa Dolna
29%
Gmina Nowa Ruda Jugów
29%
Gmina Nowa Ruda Bożków
27%
Gmina Kłodzko Jaszkowa Górna
27%
Gmina Nowa Ruda Ludwikowice Kłodzkie
27%
Gmina Kłodzko Ołdrzychowice Kłodzkie
27%
Gmina Radków Tłumaczów
27%
Gmina Międzylesie Boboszów
26%
Gmina Stronie Śląskie Kletno
26%
Gmina Lądek-Zdrój Radochów
24%
Gmina Radków Ratno Dolne
24%
Gmina Kłodzko Bierkowice
23%
Gmina Kłodzko Boguszyn
23%
Gmina Radków Ratno Górne
23%
Gmina Stronie Śląskie Sienna
23%
Gmina Kłodzko Wojbórz
23%
Gmina Międzylesie Domaszków
21%
Gmina Lądek-Zdrój Trzebieszowice
21%
Gmina Bystrzyca Kłodzka Spalona
19%
Gmina Bystrzyca Kłodzka Stara Bystrzyca
19%
Gmina Nowa Ruda Świerki
19%
Gmina Kłodzko Gorzuchów
18%
Gmina Bystrzyca Kłodzka Mostowice
18%
Gmina Bystrzyca Kłodzka Nowa Bystrzyca
18%
Gmina Bystrzyca Kłodzka Nowy Waliszów
18%
Gmina Radków Pasterka
18%
Gmina Bystrzyca Kłodzka Stary Waliszów
18%
Gmina Stronie Śląskie Bolesławów
16%
Gmina Bystrzyca Kłodzka Długopole Dolne
16%
Gmina Międzylesie Długopole Górne
16%
Gmina Kłodzko Gołogłowy
16%
Gmina Międzylesie Nowa Wieś
16%
Gmina Kłodzko Ścinawica
16%
Gmina Kłodzko Stary Wielisław
16%
Gmina Bystrzyca Kłodzka Wilkanów
16%
Gmina Nowa Ruda Włodowice
16%
Gmina Nowa Ruda Wolibórz
16%
Gmina Nowa Ruda Dzikowiec
15%
Gmina Lewin Kłodzki Jeleniów
15%
Gmina Kłodzko Kamieniec
15%
Gmina Lądek-Zdrój Konradów
15%
Gmina Bystrzyca Kłodzka Lasówka
15%
Gmina Międzylesie Różanka
15%
Gmina Stronie Śląskie Stara Morawa
15%
Gmina Lądek-Zdrój Stójków
15%
Gmina Szczytna Chocieszów
13%
Gmina Nowa Ruda Czerwieńczyce
13%
Gmina Radków Gajów
13%
Gmina Kłodzko Jaszkówka
13%
Gmina Kłodzko Ławica
13%
Gmina Lądek-Zdrój Lutynia
13%
Gmina Kłodzko Młynów
13%
Gmina Stronie Śląskie Nowa Morawa
13%
Gmina Stronie Śląskie Nowy Gierałtów
13%
Gmina Lądek-Zdrój Skrzynka
13%
Gmina Bystrzyca Kłodzka Stara Łomnica
13%
Gmina Stronie Śląskie Stary Gierałtów
13%
Gmina Kłodzko Wojciechowice
13%
Gmina Nowa Ruda Bartnica
11%
Gmina Stronie Śląskie Bielice
11%
Gmina Międzylesie Goworów
11%
Gmina Międzylesie Jodłów
11%
Gmina Lądek-Zdrój Kąty Bystrzyckie
11%
Gmina Nowa Ruda Nowa Wieś Kłodzka
11%
Gmina Kłodzko Piszkowice
11%
Gmina Kłodzko Podzamek
11%
Gmina Kłodzko Romanowo
11%
Gmina Międzylesie Roztoki
11%
Gmina Nowa Ruda Sokolec
11%
Gmina Stronie Śląskie Strachocin
11%
Gmina Radków Suszyna
11%
Gmina Kłodzko Święcko
11%
Gmina Międzylesie Gniewoszów
10%
Gmina Bystrzyca Kłodzka Idzików
10%
Gmina Stronie Śląskie Kamienica
10%
Gmina Szczytna Łężyce
10%
Gmina Bystrzyca Kłodzka Młoty
10%
Gmina Szczytna Niwa
10%
Gmina Bystrzyca Kłodzka Nowa Łomnica
10%
Gmina Lądek-Zdrój Orłowiec
10%
Gmina Międzylesie Pisary
10%
Gmina Bystrzyca Kłodzka Poniatów
10%
Gmina Bystrzyca Kłodzka Ponikwa
10%
Gmina Radków Raszków
10%
Gmina Kłodzko Roszyce
10%
Gmina Lewin Kłodzki Zielone Ludowe
10%
Gmina Szczytna Złotno
10%
Gmina Nowa Ruda Bieganów
8%
Gmina Stronie Śląskie Janowa Góra
8%
Gmina Lewin Kłodzki Kulin Kłodzki
8%
Gmina Międzylesie Lesica
8%
Gmina Kłodzko Marcinów
8%
Gmina Bystrzyca Kłodzka Mielnik
8%
Gmina Kłodzko Morzyszów
8%
Gmina Bystrzyca Kłodzka Rudawa
8%
Gmina Kłodzko Ruszowice
8%
Gmina Bystrzyca Kłodzka Szklarka
8%
Gmina Międzylesie Szklarnia
8%
Gmina Szczytna Wolany
8%
Gmina Bystrzyca Kłodzka Zalesie
8%
Gmina Kłodzko Droszków
6%
Gmina Nowa Ruda Dworki
6%
Gmina Lewin Kłodzki Jarków
6%
Gmina Międzylesie Jaworek
6%
Gmina Międzylesie Kamieńczyk
6%
Gmina Lewin Kłodzki Kocioł
6%
Gmina Międzylesie Michałowice
6%
Gmina Międzylesie Niemojów
6%
Gmina Bystrzyca Kłodzka Piotrowice
6%
Gmina Bystrzyca Kłodzka Pławnica
6%
Gmina Nowa Ruda Przygórze
6%
Gmina Międzylesie Smreczyna
6%
Gmina Nowa Ruda Sokolica
6%
Gmina Lewin Kłodzki Darnków
5%
Gmina Stronie Śląskie Goszów
5%
Gmina Bystrzyca Kłodzka Huta
5%
Gmina Nowa Ruda Krajanów
5%
Gmina Bystrzyca Kłodzka Marianówka
5%
Gmina Międzylesie Nagodzice
5%
Gmina Bystrzyca Kłodzka Poręba
5%
Gmina Szczytna Słoszów
5%
Gmina Kłodzko Starków
5%
Gmina Bystrzyca Kłodzka Starkówek
5%
Gmina Kłodzko Wilcza
5%
Gmina Bystrzyca Kłodzka Wójtowice
5%
Gmina Lądek-Zdrój Wójtówka
5%
Gmina Bystrzyca Kłodzka Wyszki
5%
Gmina Bystrzyca Kłodzka Zabłocie
5%
Gmina Lewin Kłodzki Dańczów
3%
Gmina Międzylesie Dolnik
3%
Gmina Międzylesie Gajnik
3%
Gmina Lewin Kłodzki Gołaczów
3%
Gmina Kłodzko Łączna
3%
Gmina Nowa Ruda Osada Koszyn
3%
Gmina Bystrzyca Kłodzka Pokrzywno
3%
Gmina Kłodzko Rogówek
3%
Gmina Bystrzyca Kłodzka Szklary
3%
Gmina Lewin Kłodzki Taszów
3%
Gmina Bystrzyca Kłodzka Topolice
3%
Gmina Lewin Kłodzki Jerzykowice Małe
2%
Gmina Lewin Kłodzki Krzyżanów
2%
Gmina Lewin Kłodzki Leśna
2%
Gmina Stronie Śląskie Młynowiec
2%
Gmina Bystrzyca Kłodzka Paszków
2%
Gmina Kłodzko Podtynie
2%
Gmina Międzylesie Potoczek
2%
Gmina Szczytna Studzienno
2%
Gmina Szczytna Dolina
0%
Gmina Lewin Kłodzki Jawornica
0%
Gmina Bystrzyca Kłodzka Kamienna-Marcinków
0%
Gmina Kłodzko Korytów
0%
Gmina Kłodzko Mikowice
0%
Gmina Bystrzyca Kłodzka Szczawina
0%
Gmina Lewin Kłodzki Witów
0%
Gmina Lewin Kłodzki Zimne Wody
0%
Nie znaleziono quizów pasujących do podanych kryteriów
Rozkład punktacji
Procent ludzi z każdym wynikiem
Percentyl według liczby udzielonych odpowiedzi
Twoja historia wyników
Nie rozwiązałeś tego quizu